[Event "Junior Online 4NCL Division 5"]
[Site "online"]
[Date "2021.02.04"]
[Round "2.24"]
[White "Bhogathi, Abhiram"]
[Black "Wilson, Florence"]
[Result "0-1"]
[WhiteElo "1127"]
[BlackElo "1360"]
[PlyCount "34"]
[EventDate "2021.02.04"]
[WhiteTeam "Ojays G"]
[BlackTeam "Lenzie Basilisks"]

1. d4 d5 2. c4 e6 3. Nc3 Nf6 4. Bg5 Be7 5. Bxf6 Bxf6 6. Nf3 O-O 7. e4 c6 8. e5
Be7 9. c5 b6 10. b4 f6 11. Bd3 Nd7 12. Qe2 Qc7 13. O-O-O bxc5 14. bxc5 Qa5 15.
g4 Qxc3+ 16. Kb1 Rb8+ 17. Qb2 Qxb2# 0-1

[Event "Junior Online 4NCL Division 5"]
[Site "online"]
[Date "2021.02.04"]
[Round "2.25"]
[White "McAndrew, Max"]
[Black "Sanger, Jake M"]
[Result "0-1"]
[WhiteElo "1113"]
[BlackElo "2343"]
[PlyCount "78"]
[EventDate "2021.02.04"]
[WhiteTeam "Ojays G"]
[BlackTeam "Lenzie Basilisks"]

1. e4 e6 2. d4 d5 3. e5 c5 4. Nf3 Nc6 5. Nc3 cxd4 6. Nxd4 Nxe5 7. Bf4 Ng6 8.
Bg3 a6 9. Qd2 Nf6 10. Bd3 Bd6 11. Bxd6 Qxd6 12. O-O-O Qf4 13. Bxg6 Qxd2+ 14.
Rxd2 hxg6 15. Re1 Rxh2 16. g4 Kf8 17. g5 Ne8 18. Nf3 Rh5 19. Na4 b5 20. Nb6 Rb8
21. Nxc8 Rxc8 22. Rd4 Nd6 23. Rd3 Ne4 24. Rg1 Ke7 25. Kd1 Nxf2+ 26. Ke2 Nxd3
27. cxd3 Rc2+ 28. Kd1 Rxb2 29. a3 Rb1+ 30. Ke2 Rxg1 31. Nxg1 Rxg5 32. Nf3 Rg2+
33. Kf1 Ra2 34. Ne5 Rxa3 35. Nxg6+ fxg6 36. Ke2 Ra2+ 37. Kf1 b4 38. d4 b3 39.
Ke1 b2 0-1

[Event "Junior Online 4NCL Division 5"]
[Site "online"]
[Date "2021.02.04"]
[Round "2.26"]
[White "Moroz, Michael"]
[Black "Genc, Guven"]
[Result "1-0"]
[WhiteElo "1330"]
[BlackElo "1167"]
[PlyCount "31"]
[EventDate "2021.02.04"]
[WhiteTeam "Lenzie Basilisks"]
[BlackTeam "Ojays G"]

1. e4 e5 2. Nf3 Nc6 3. d4 exd4 4. Nxd4 Bc5 5. Nxc6 Qf6 6. Qf3 Qxc6 7. Nc3 Nf6
8. Bd3 d6 9. O-O Bg4 10. Qf4 O-O-O 11. Nd5 Be6 12. Ne7+ Kd7 13. Nxc6 Kxc6 14.
e5 dxe5 15. Qa4+ Kb6 16. Qb5# 1-0

[Event "Junior Online 4NCL Division 5"]
[Site "online"]
[Date "2021.02.04"]
[Round "2.27"]
[White "Gascoyne, Thomas"]
[Black "Kitaev, Daniel"]
[Result "0-1"]
[WhiteElo "1160"]
[BlackElo "1405"]
[PlyCount "44"]
[EventDate "2021.02.04"]
[WhiteTeam "Ojays G"]
[BlackTeam "Lenzie Basilisks"]

1. c4 c5 2. Nc3 Nc6 3. e4 e6 4. d3 a6 5. Be3 Nf6 6. Nf3 d5 7. e5 Ng4 8. d4 Nxe3
9. fxe3 cxd4 10. exd4 Be7 11. c5 b6 12. b4 Bd7 13. b5 axb5 14. Bxb5 bxc5 15.
dxc5 Bxc5 16. Na4 Qa5+ 17. Qd2 Qxb5 18. Nxc5 Qxc5 19. Rc1 Qa5 20. Rxc6 Qxd2+
21. Kxd2 Bxc6 22. Rc1 Kd7 0-1

[Event "Junior Online 4NCL Division 5"]
[Site "online"]
[Date "2021.02.04"]
[Round "2.28"]
[White "Wilson, Florence"]
[Black "Bhogathi, Abhiram"]
[Result "1-0"]
[WhiteElo "1360"]
[BlackElo "1127"]
[PlyCount "57"]
[EventDate "2021.02.04"]
[WhiteTeam "Lenzie Basilisks"]
[BlackTeam "Ojays G"]

1. e4 e5 2. Nf3 Nc6 3. Bc4 Bc5 4. b4 Bxb4 5. c3 Bc5 6. d4 exd4 7. cxd4 Bb4+ 8.
Nbd2 Bxd2+ 9. Bxd2 Nce7 10. Qb3 Nf6 11. Bxf7+ Kf8 12. e5 d5 13. exf6 Kxf7 14.
fxe7 Qxe7+ 15. Be3 c6 16. O-O Rf8 17. Rfe1 Kg8 18. Qd3 Bf5 19. Qb3 Bg4 20. Bg5
Qf7 21. Re3 h6 22. Bh4 g5 23. Ne5 Qf6 24. Nxg4 gxh4 25. Nxf6+ Rxf6 26. Qxb7
Raf8 27. Rf1 h3 28. Rg3+ Kh8 29. Qg7# 1-0

[Event "Junior Online 4NCL Division 5"]
[Site "online"]
[Date "2021.02.04"]
[Round "2.31"]
[White "Nikolov, Alexander"]
[Black "Shi, Shaoquan"]
[Result "1-0"]
[WhiteElo "1525"]
[BlackElo "1513"]
[PlyCount "153"]
[EventDate "2021.02.04"]
[WhiteTeam "Desert Penguins Neptune"]
[BlackTeam "London Dragons Kings"]

1. d4 d5 2. c4 c6 3. Nc3 Nf6 4. Nf3 Nbd7 5. Bg5 h6 6. Bh4 e6 7. e3 Be7 8. cxd5
cxd5 9. Bd3 b6 10. O-O Bb7 11. Re1 O-O 12. e4 dxe4 13. Nxe4 Nxe4 14. Bxe4 Bxe4
15. Rxe4 Nf6 16. Re1 Nd5 17. Bxe7 Qxe7 18. Ne5 f6 19. Ng6 Qd6 20. Nxf8 Rxf8 21.
Qe2 Re8 22. Qh5 Kf8 23. Rac1 Nb4 24. Rcd1 Nxa2 25. d5 e5 26. Re4 Nb4 27. f4
Qc5+ 28. Kf1 Qd6 29. fxe5 Rxe5 30. Rxe5 fxe5 31. Qf3+ Kg8 32. Rc1 Nxd5 33. Rd1
Ne3+ 34. Qxe3 Qxd1+ 35. Kf2 Qc2+ 36. Kg3 Qxb2 37. Qe4 Qd4 38. Qa8+ Kh7 39. Qxa7
Qf4+ 40. Kh3 h5 41. g3 Qg4+ 42. Kg2 Qe2+ 43. Kh3 b5 44. Qc5 Kh6 45. Qd6+ g6 46.
Qf8+ Kg5 47. Qe7+ Kf5 48. Qf7+ Ke4 49. Qxg6+ Kd5 50. Qf7+ Kd4 51. Qd7+ Kc4 52.
Qc6+ Kb4 53. Qd6+ Ka4 54. Qa6+ Kb3 55. Qe6+ Kc2 56. Qa2+ Kd1 57. Qb1+ Kd2 58.
Qb2+ Ke1 59. Qc1+ Kf2 60. Qc5+ Kf3 61. Qf8+ Ke4 62. Qa8+ Kd3 63. Qd8+ Kc4 64.
Qc7+ Kb4 65. Qd6+ Kb3 66. Qd5+ Kc2 67. Qc5+ Kb3 68. Qd5+ Kc2 69. Qc5+ Kd1 70.
Qd6+ Ke1 71. Qb4+ Kf1 72. Qb1+ Kf2 73. Qf5+ Qf3 74. Qc2+ Ke3 75. Qb3+ Kd4 76.
Qxf3 b4 77. Qd1+ 1-0

[Event "Junior Online 4NCL Division 5"]
[Site "online"]
[Date "2021.02.04"]
[Round "2.32"]
[White "Xu, Jiarui"]
[Black "Xu, Owen"]
[Result "0-1"]
[WhiteElo "1452"]
[BlackElo "1480"]
[PlyCount "82"]
[EventDate "2021.02.04"]
[WhiteTeam "London Dragons Kings"]
[BlackTeam "Desert Penguins Neptune"]

1. e4 c5 2. Nf3 d6 3. d4 cxd4 4. Nxd4 Nf6 5. Nc3 a6 6. Be3 e6 7. f4 b5 8. a3
Bb7 9. Bd3 Nbd7 10. Nf3 Nb6 11. O-O Be7 12. h3 Rc8 13. Qe2 O-O 14. Qf2 Nc4 15.
Bxc4 Rxc4 16. Nd2 Rc7 17. Bb6 Qc8 18. Bxc7 Qxc7 19. Qe2 d5 20. exd5 exd5 21.
Nf3 Bc5+ 22. Kh1 d4 23. Nd1 Nh5 24. Qe1 Nxf4 25. Qg3 Bd6 26. Qf2 Re8 27. Nxd4
Bxg2+ 28. Kg1 Nxh3+ 29. Kxg2 Nxf2 30. Rxf2 Bc5 31. c3 Bxd4 32. cxd4 Qd6 33. Nc3
h6 34. d5 Qg6+ 35. Kh1 Rd8 36. Rd1 Rd6 37. Rdf1 Qg3 38. Rf3 Qh4+ 39. Kg1 Rg6+
40. Rg3 Qxg3+ 41. Kh1 Qh3# 0-1

[Event "Junior Online 4NCL Division 5"]
[Site "online"]
[Date "2021.02.04"]
[Round "2.33"]
[White "Donati Plutino, Francesco Rodolfo"]
[Black "Fang, Moyao"]
[Result "0-1"]
[WhiteElo "993"]
[BlackElo "1367"]
[PlyCount "94"]
[EventDate "2021.02.04"]
[WhiteTeam "Desert Penguins Neptune"]
[BlackTeam "London Dragons Kings"]

1. d4 Nf6 2. Nc3 d5 3. Nf3 g6 4. Bf4 Bg7 5. g3 O-O 6. Bg2 Bf5 7. O-O e6 8. Qd2
Qe7 9. Rad1 Re8 10. Ne5 Nbd7 11. Nf3 Rac8 12. h3 c5 13. g4 Ne4 14. Nxe4 Bxe4
15. c3 f6 16. dxc5 e5 17. Bg3 Nxc5 18. b4 Na4 19. Rc1 Nb6 20. Nh4 Nc4 21. Qd1
Nb2 22. Qd2 Nc4 23. Qd1 f5 24. Bxe4 dxe4 25. Qd5+ Qe6 26. Qxb7 f4 27. Bh2 Bf6
28. Ng2 Nd2 29. Rfd1 Qxa2 30. Ra1 Qc2 31. Rac1 Qb2 32. Rb1 Qxc3 33. Qxa7 Nc4
34. Rdc1 Qxh3 35. b5 Ra8 36. Qb7 Rab8 37. Qc7 Nb6 38. Qc2 f3 39. exf3 exf3 40.
Ne3 Nd5 41. Qa2 Red8 42. g5 Kh8 43. gxf6 Nxe3 44. fxe3 Qg4+ 45. Kf1 Qh3+ 46.
Kg1 Ra8 47. Qf7 Qg2# 0-1

[Event "Junior Online 4NCL Division 5"]
[Site "online"]
[Date "2021.02.04"]
[Round "2.34"]
[White "Zhu, Pengxiao"]
[Black "Tsitos, Konstantinos"]
[Result "1-0"]
[WhiteElo "1411"]
[BlackElo "738"]
[PlyCount "97"]
[EventDate "2021.02.04"]
[WhiteTeam "London Dragons Kings"]
[BlackTeam "Desert Penguins Neptune"]

1. d4 d5 2. c4 e6 3. Nf3 Nd7 4. Bf4 Ngf6 5. Nc3 Be7 6. e3 O-O 7. Qc2 b6 8. Bd3
Bb7 9. O-O c5 10. Rfe1 cxd4 11. exd4 dxc4 12. Bxc4 Rc8 13. b3 a6 14. Qe2 b5 15.
Bd3 Rxc3 16. Rac1 Rxc1 17. Rxc1 Qb6 18. Be3 Qd6 19. Bd2 Rc8 20. Rxc8+ Bxc8 21.
Ne5 Bb7 22. Nxd7 Qxd7 23. Qe3 Nd5 24. Qg3 Nf6 25. Qb8+ Ne8 26. a4 Bd6 27. Qa7
bxa4 28. bxa4 Qc7 29. Bxa6 Bxa6 30. Qxa6 Bxh2+ 31. Kf1 Bd6 32. Qb5 Qb8 33. Qd3
Qb1+ 34. Qxb1 Nf6 35. Qb6 Ne8 36. a5 Bc7 37. Qc6 Bd6 38. Qxe8+ Bf8 39. a6 g6
40. a7 Kg7 41. a8=Q Bd6 42. Qg8+ Kf6 43. Qad8+ Kf5 44. Qxf7+ Ke4 45. Qf3+ Kxd4
46. Qxd6+ Kc4 47. Qc3+ Kb5 48. Qdb4+ Ka6 49. Qa1# 1-0

[Event "Junior Online 4NCL Division 5"]
[Site "online"]
[Date "2021.02.04"]
[Round "2.35"]
[White "Shi, Shaoquan"]
[Black "Nikolov, Alexander"]
[Result "1-0"]
[WhiteElo "1513"]
[BlackElo "1525"]
[PlyCount "113"]
[EventDate "2021.02.04"]
[WhiteTeam "London Dragons Kings"]
[BlackTeam "Desert Penguins Neptune"]

1. d4 d5 2. c4 e6 3. Nc3 Nf6 4. Nf3 Be7 5. Bf4 O-O 6. e3 Nbd7 7. Bd3 dxc4 8.
Bxc4 a6 9. a4 b6 10. O-O Bb7 11. h3 c5 12. dxc5 Nxc5 13. b4 Qxd1 14. Raxd1 Nce4
15. Nxe4 Nxe4 16. Rd7 Bxb4 17. Rxb7 Rfd8 18. Rxb6 Bc5 19. Rb2 a5 20. Rfb1 Bb4
21. Bb5 Rac8 22. Ba6 Ra8 23. Bb7 Ra7 24. Bxe4 Rad7 25. Kh2 h6 26. Nd4 Bc3 27.
Nc6 Bxb2 28. Nxd8 Rxd8 29. Rxb2 g5 30. Bc7 Rc8 31. Bxa5 f5 32. Bf3 Kf7 33. Bd2
Kf6 34. Ra2 e5 35. a5 e4 36. Be2 Ra8 37. a6 Ke6 38. a7 Kd6 39. Bc4 h5 40. Bb4+
Ke5 41. Ra5+ Kf6 42. Bd5 Rxa7 43. Rxa7 Ke5 44. Ra5 f4 45. Bf7+ Kf6 46. Bxh5 f3
47. gxf3 exf3 48. Bxf3 Kg6 49. Bg4 Kh6 50. Ra8 Kg6 51. Ra6+ Kh7 52. Bh5 g4 53.
hxg4 Kh8 54. Ra7 Kg8 55. Bg6 Kh8 56. Bc3+ Kg8 57. Ra8# 1-0

[Event "Junior Online 4NCL Division 5"]
[Site "online"]
[Date "2021.02.04"]
[Round "2.36"]
[White "Xu, Owen"]
[Black "Xu, Jiarui"]
[Result "0-1"]
[WhiteElo "1480"]
[BlackElo "1452"]
[PlyCount "166"]
[EventDate "2021.02.04"]
[WhiteTeam "Desert Penguins Neptune"]
[BlackTeam "London Dragons Kings"]

1. d4 d5 2. c4 e6 3. Nc3 Nf6 4. Bg5 Be7 5. Nf3 Nc6 6. e3 h6 7. Bh4 O-O 8. cxd5
Nxd5 9. Nxd5 exd5 10. Bxe7 Qxe7 11. Qb3 Qb4+ 12. Qxb4 Nxb4 13. Rc1 Nc6 14. Bb5
Bd7 15. O-O f6 16. Rc5 a6 17. Bxc6 Bxc6 18. Rfc1 Kh7 19. h3 a5 20. R1c3 a4 21.
Nh4 g6 22. Nf3 Ra6 23. Ra3 Rb6 24. b3 axb3 25. axb3 g5 26. Nd2 Kg6 27. Ra4 Bxa4
28. bxa4 c6 29. a5 Ra6 30. Nb3 Rfa8 31. Rc1 Rxa5 32. Nxa5 Rxa5 33. Rb1 Rb5 34.
Rxb5 cxb5 35. Kf1 Kf5 36. Ke2 g4 37. hxg4+ Kxg4 38. Kd3 b4 39. Kc2 h5 40. Kb3
Kf5 41. Kxb4 Ke4 42. Kc5 f5 43. f3+ Kxe3 44. Kxd5 b5 45. Kc5 b4 46. d5 b3 47.
d6 b2 48. d7 b1=Q 49. d8=Q Qc2+ 50. Kb5 Qd3+ 51. Qxd3+ Kxd3 52. Kc5 Ke3 53. Kd5
Kf4 54. Kd4 h4 55. Kd3 Kg3 56. Ke3 Kxg2 57. Kf4 h3 58. Kxf5 h2 59. f4 h1=Q 60.
Ke5 Qh5+ 61. f5 Kf3 62. Ke6 Qe8+ 63. Kf6 Qf8+ 64. Ke6 Kf4 65. f6 Kg5 66. f7 Kg6
67. Ke5 Qxf7 68. Kd4 Qf6+ 69. Kd5 Kf5 70. Kc4 Qe6+ 71. Kd4 Qe5+ 72. Kc4 Ke4 73.
Kb4 Qc7 74. Kb5 Kd5 75. Kb4 Qc5+ 76. Kb3 Qc4+ 77. Ka3 Kd4 78. Kb2 Qc3+ 79. Ka2
Qb4 80. Ka1 Kc3 81. Ka2 Kc2 82. Ka1 Qb8 83. Ka2 Qb2# 0-1

[Event "Junior Online 4NCL Division 5"]
[Site "online"]
[Date "2021.02.04"]
[Round "2.37"]
[White "Fang, Moyao"]
[Black "Donati Plutino, Francesco Rodolfo"]
[Result "1-0"]
[WhiteElo "1367"]
[BlackElo "993"]
[PlyCount "103"]
[EventDate "2021.02.04"]
[WhiteTeam "London Dragons Kings"]
[BlackTeam "Desert Penguins Neptune"]

1. e4 e5 2. Nf3 Nc6 3. Bc4 Bc5 4. c3 Nf6 5. d4 exd4 6. e5 Nh5 7. g4 Nf6 8. exf6
Qxf6 9. Bg5 Qd6 10. O-O O-O 11. cxd4 Bxd4 12. Nxd4 Nxd4 13. Re1 b6 14. Be7 Qc6
15. Qxd4 Bb7 16. Bd5 Qxd5 17. Qxd5 Bxd5 18. Bxf8 Rxf8 19. Nc3 Bc6 20. Re7 g6
21. Rae1 Kg7 22. g5 h6 23. h4 hxg5 24. hxg5 Rh8 25. Ne4 d5 26. Nf6 d4 27. Kf1
Rh1+ 28. Ke2 Bb5+ 29. Kd2 Rh8 30. Rxc7 d3 31. Ree7 Rf8 32. Rxa7 Bc4 33. b3 Bb5
34. a4 Bc6 35. Kxd3 Bg2 36. Kd4 Rd8+ 37. Ke5 Rf8 38. Kd6 Rd8+ 39. Kc7 Rf8 40.
Kxb6 Rb8+ 41. Kc7 Rf8 42. Kd6 Rd8+ 43. Ke5 Rf8 44. b4 Bh1 45. b5 Bg2 46. f4 Bh1
47. a5 Bg2 48. a6 Bh1 49. b6 Bf3 50. Rac7 Bg2 51. b7 Bxb7 52. axb7 1-0

[Event "Junior Online 4NCL Division 5"]
[Site "online"]
[Date "2021.02.04"]
[Round "2.38"]
[White "Tsitos, Konstantinos"]
[Black "Zhu, Pengxiao"]
[Result "0-1"]
[WhiteElo "738"]
[BlackElo "1411"]
[PlyCount "70"]
[EventDate "2021.02.04"]
[WhiteTeam "Desert Penguins Neptune"]
[BlackTeam "London Dragons Kings"]

1. d4 d5 2. c4 e6 3. Nc3 Nf6 4. Bg5 h6 5. Bf4 Nbd7 6. Nf3 Bb4 7. Bd2 O-O 8. e3
b6 9. Bd3 Bb7 10. a3 Bxc3 11. Bxc3 c5 12. O-O Qc7 13. Qe2 Rfe8 14. b4 Rac8 15.
b5 cxd4 16. exd4 dxc4 17. Bc2 Nd5 18. a4 Nxc3 19. Qd2 Nd5 20. Bb1 N7f6 21. Qc2
Nb4 22. Qe2 Nbd5 23. Ne5 Nf4 24. Qd2 N4d5 25. Qc2 Nb4 26. Qd2 c3 27. Qc1 c2 28.
Bxc2 Nxc2 29. Qxc2 Qxc2 30. h3 Qe4 31. Nf3 Rc4 32. Rfd1 e5 33. Re1 Qd5 34. Re3
Rxd4 35. Nxd4 Qxg2# 0-1

[Event "Junior Online 4NCL Division 5"]
[Site "online"]
[Date "2021.02.04"]
[Round "2.41"]
[White "Chung, Daniel"]
[Black "Patel, Ananya"]
[Result "1-0"]
[WhiteElo "1482"]
[BlackElo "1501"]
[PlyCount "109"]
[EventDate "2021.02.04"]
[WhiteTeam "Young Dragons B"]
[BlackTeam "Chess Challengers C"]

1. d4 d5 2. c4 e5 3. cxd5 Qxd5 4. dxe5 Qxd1+ 5. Kxd1 Nc6 6. Nf3 Bc5 7. e3 Bg4
8. Be2 Bxf3 9. Bxf3 O-O-O+ 10. Bd2 Nxe5 11. Kc2 Nf6 12. Nc3 Rhe8 13. Rad1 g6
14. b3 h5 15. h3 Ba3 16. Be2 Re6 17. Bc1 Rxd1 18. Rxd1 Bxc1 19. Kxc1 Rc6 20.
Kb2 b6 21. Bb5 Rc5 22. b4 Nc4+ 23. Kb3 Rg5 24. Kxc4 Rxg2 25. Rd2 g5 26. Bc6 Rh2
27. Nd5 Nxd5 28. Rxd5 Rxh3 29. Bd7+ Kb7 30. Bxh3 g4 31. Bg2 h4 32. Rh5+ c6 33.
Rxh4 f5 34. Rxg4 fxg4 35. Kd4 Kc7 36. Be4 Kd6 37. Bf5 c5+ 38. bxc5+ bxc5+ 39.
Kc4 a5 40. Bxg4 a4 41. f4 Ke7 42. Kxc5 Kf6 43. e4 a3 44. e5+ Ke7 45. f5 Kf7 46.
Bh5+ Ke7 47. Kd5 Kf8 48. f6 Kg8 49. f7+ Kf8 50. Kd6 Kg7 51. e6 Kf8 52. e7+ Kg7
53. f8=Q+ Kh7 54. Qf7+ Kh8 55. e8=Q# 1-0

[Event "Junior Online 4NCL Division 5"]
[Site "online"]
[Date "2021.02.04"]
[Round "2.42"]
[White "Zabotka, Motiejus"]
[Black "Davies, Milo"]
[Result "0-1"]
[WhiteElo "1488"]
[BlackElo "1421"]
[PlyCount "128"]
[EventDate "2021.02.04"]
[WhiteTeam "Chess Challengers C"]
[BlackTeam "Young Dragons B"]

1. e4 d5 2. exd5 Qxd5 3. Nc3 Qa5 4. d4 Nf6 5. Nf3 Bg4 6. Be2 Nc6 7. d5 O-O-O 8.
Bc4 e6 9. Bg5 exd5 10. Bxd5 Nxd5 11. Bxd8 Nxc3 12. bxc3 Qxc3+ 13. Kf1 Nxd8 14.
Qd4 Qxd4 15. Nxd4 Bc5 16. Nb5 Re8 17. Re1 Rxe1+ 18. Kxe1 a6 19. Nc3 Bb4 20. Kd2
Ne6 21. Kd3 Nf4+ 22. Kc4 Ba5 23. g3 Be6+ 24. Kd4 c5+ 25. Ke4 Bxc3 26. Kxf4 Bxa2
27. Rd1 Bd4 28. f3 b5 29. Re1 Be6 30. Rc1 a5 31. c3 Bf6 32. g4 h6 33. Rb1 b4
34. cxb4 axb4 35. Rc1 c4 36. Rb1 b3 37. Rd1 c3 38. Rd6 Kc7 39. Ra6 b2 40. Ra7+
Kb8 41. Ra5 b1=Q 42. Rc5 Bg5+ 43. Ke5 Qe1+ 44. Kd6 Bf4+ 45. Kc6 Qh1 46. Rxc3
Qxh2 47. Rc5 Qb2 48. Rb5+ Qxb5+ 49. Kxb5 Kc7 50. Kc5 Kd7 51. Kd4 g5 52. Ke4 Kd6
53. Kd4 f5 54. gxf5 Bxf5 55. Kc3 h5 56. Kd4 h4 57. Kc4 h3 58. Kb5 h2 59. Kc4
h1=Q 60. Kd4 Qd1+ 61. Kc3 Qd2+ 62. Kc4 Qd3+ 63. Kb4 Bd2+ 64. Ka4 Qb1 0-1

[Event "Junior Online 4NCL Division 5"]
[Site "online"]
[Date "2021.02.04"]
[Round "2.43"]
[White "Ryan, Tabitha"]
[Black "Sridharan, Rithvik"]
[Result "1-0"]
[WhiteElo "1435"]
[BlackElo "1475"]
[PlyCount "103"]
[EventDate "2021.02.04"]
[WhiteTeam "Young Dragons B"]
[BlackTeam "Chess Challengers C"]

1. d4 d5 2. Nf3 Nc6 3. Bf4 Bf5 4. c3 e6 5. e3 Nf6 6. Bb5 Bd6 7. Bxd6 cxd6 8.
Qa4 Rc8 9. Nbd2 a6 10. Be2 O-O 11. O-O e5 12. dxe5 dxe5 13. Nh4 Ng4 14. Nxf5
Qg5 15. Qxg4 Qf6 16. e4 d4 17. cxd4 exd4 18. Rac1 Ne5 19. Qh4 d3 20. Qxf6 gxf6
21. Bf3 Ng6 22. Bh5 Nf4 23. Rxc8 Rxc8 24. Ne7+ Kf8 25. Nxc8 Nxh5 26. Rd1 Nf4
27. Nb3 Ne2+ 28. Kf1 Nf4 29. g3 Ne6 30. Rxd3 Kg7 31. Nd6 Kg6 32. f4 Ng7 33. f5+
Kg5 34. Nxf7+ Kg4 35. Kg2 Kh5 36. g4+ Kxg4 37. Rg3+ Kf4 38. Rxg7 Kxe4 39. Rxh7
Kxf5 40. Nd6+ Ke6 41. Nxb7 Kd5 42. Rc7 f5 43. h4 Ke6 44. h5 f4 45. h6 Kd5 46.
h7 Ke4 47. h8=Q f3+ 48. Kf2 Kd3 49. Qd8+ Ke4 50. Re7+ Kf5 51. Qf8+ Kg4 52. Rg7+
1-0

[Event "Junior Online 4NCL Division 5"]
[Site "online"]
[Date "2021.02.04"]
[Round "2.44"]
[White "Jha, Aarush"]
[Black "Challoner, Ethan"]
[Result "1-0"]
[WhiteElo "1472"]
[BlackElo "1300"]
[PlyCount "86"]
[EventDate "2021.02.04"]
[WhiteTeam "Chess Challengers C"]
[BlackTeam "Young Dragons B"]

1. e4 e5 2. Nf3 Nc6 3. Nc3 Nf6 4. Nxe5 Nxe5 5. d4 Ng6 6. e5 Ng8 7. f4 d6 8. f5
Bxf5 9. exd6 Bxd6 10. Bd3 Bxd3 11. cxd3 Nf6 12. O-O O-O 13. Bg5 Be7 14. Qc1 Nd5
15. Bxe7 Ngxe7 16. Nxd5 Qxd5 17. Qxc7 Ng6 18. Rf2 Rac8 19. Qg3 Qxd4 20. Raf1
Rc2 21. Qf3 Ne5 22. Qxb7 Nxd3 23. h3 Nxf2 24. Rxf2 Qxf2+ 25. Kh2 Qxg2+ 26. Qxg2
Rxg2+ 27. Kxg2 Rb8 28. b3 Rc8 29. Kf3 Rc2 30. a4 Rc3+ 31. Ke4 Rxb3 32. Kd5 Ra3
33. Kc6 Rxa4 34. Kb7 f5 35. Kc6 f4 36. Kd5 f3 37. Kc5 f2 38. Kb5 Rh4 39. Ka6
Rxh3 40. Kxa7 f1=R 41. Kb7 Rc3 42. Kb6 Rb1+ 43. Ka5 Ra3# 1-0

[Event "Junior Online 4NCL Division 5"]
[Site "online"]
[Date "2021.02.04"]
[Round "2.45"]
[White "Patel, Ananya"]
[Black "Chung, Daniel"]
[Result "0-1"]
[WhiteElo "1501"]
[BlackElo "1482"]
[PlyCount "86"]
[EventDate "2021.02.04"]
[WhiteTeam "Chess Challengers C"]
[BlackTeam "Young Dragons B"]

1. d4 d5 2. Bf4 Nf6 3. e3 Bf5 4. c3 Nbd7 5. Nd2 c5 6. Bb5 e6 7. Ngf3 a6 8.
Bxd7+ Nxd7 9. Be5 Nxe5 10. Nxe5 f6 11. Nef3 Bd6 12. O-O Bg4 13. Qb3 b5 14. a4
c4 15. Qc2 Bf5 16. Qd1 Bd3 17. Re1 Kf7 18. axb5 axb5 19. Rxa8 Qxa8 20. Nh4 Qa2
21. Qa1 Ra8 22. Qc1 b4 23. e4 bxc3 24. bxc3 Ba3 25. Qd1 g6 26. e5 fxe5 27. Qf3+
Bf5 28. Nf1 Qc2 29. Ng3 Kg7 30. dxe5 Bb2 31. h3 Bxc3 32. Ngxf5+ gxf5 33. Qg3+
Kf7 34. Re3 Bd4 35. Rf3 Rg8 36. Qf4 Qd1+ 37. Kh2 Bb2 38. Qxc4 Bxe5+ 39. g3 dxc4
40. Re3 c3 41. Rxe5 c2 42. Rc5 c1=Q 43. Rxc1 Qxc1 0-1

[Event "Junior Online 4NCL Division 5"]
[Site "online"]
[Date "2021.02.04"]
[Round "2.46"]
[White "Davies, Milo"]
[Black "Zabotka, Motiejus"]
[Result "1-0"]
[WhiteElo "1421"]
[BlackElo "1488"]
[PlyCount "119"]
[EventDate "2021.02.04"]
[WhiteTeam "Young Dragons B"]
[BlackTeam "Chess Challengers C"]

1. e4 e5 2. Nf3 Nc6 3. Bc4 Bc5 4. c3 Qf6 5. O-O Nh6 6. d3 d6 7. Be3 Ng4 8. Bxc5
dxc5 9. Na3 Qh6 10. Nb5 O-O 11. Nxc7 Rb8 12. Nd5 Be6 13. Qd2 Qh5 14. Qg5 Qxg5
15. Nxg5 Bd7 16. f4 exf4 17. Rxf4 Nh6 18. Raf1 f6 19. Nxf6+ Kh8 20. Nxd7 Rxf4
21. Rxf4 Rd8 22. Rf8+ Rxf8 23. Nxf8 g6 24. Nf7+ Nxf7 25. Bxf7 Kg7 26. Bd5 Kxf8
27. Bxc6 bxc6 28. Kf2 Kf7 29. Ke3 Ke6 30. Kf4 Kf6 31. e5+ Ke6 32. g4 g5+ 33.
Kxg5 Kxe5 34. Kh6 Kf4 35. g5 Ke3 36. Kxh7 Kxd3 37. g6 Kc2 38. g7 Kxb2 39. g8=Q
Kxc3 40. Qg3+ Kb4 41. a3+ Ka4 42. Qc3 Kb5 43. a4+ Kxa4 44. Qxc5 a5 45. Qxc6+
Kb4 46. Kg6 a4 47. Qxa4+ Kxa4 48. h4 Kb5 49. h5 Kc6 50. h6 Kd7 51. h7 Ke6 52.
h8=Q Ke7 53. Qf6+ Kd7 54. Kf5 Kc7 55. Ke5 Kd7 56. Kd5 Kc7 57. Qc6+ Kd8 58. Qb7
Ke8 59. Ke6 Kf8 60. Qf7# 1-0

[Event "Junior Online 4NCL Division 5"]
[Site "online"]
[Date "2021.02.04"]
[Round "2.47"]
[White "Sridharan, Rithvik"]
[Black "Ryan, Tabitha"]
[Result "0-1"]
[WhiteElo "1475"]
[BlackElo "1435"]
[PlyCount "48"]
[EventDate "2021.02.04"]
[WhiteTeam "Chess Challengers C"]
[BlackTeam "Young Dragons B"]

1. e4 d6 2. d4 Nf6 3. Nc3 g6 4. e5 dxe5 5. dxe5 Qxd1+ 6. Nxd1 Nfd7 7. Nf3 e6 8.
c4 Bg7 9. Bf4 Nc6 10. c5 Nxc5 11. Bb5 Bd7 12. O-O a6 13. Bc4 b5 14. Bd3 Nxd3
15. Nc3 Nxf4 16. a3 Nxe5 17. Nxe5 Bxe5 18. Rfe1 Bxc3 19. bxc3 O-O-O 20. a4 Kb7
21. a5 Bc6 22. f3 Rd2 23. g3 Nh3+ 24. Kf1 Rf2# 0-1

[Event "Junior Online 4NCL Division 5"]
[Site "online"]
[Date "2021.02.04"]
[Round "2.48"]
[White "Challoner, Ethan"]
[Black "Jha, Aarush"]
[Result "1-0"]
[WhiteElo "1300"]
[BlackElo "1472"]
[PlyCount "53"]
[EventDate "2021.02.04"]
[WhiteTeam "Young Dragons B"]
[BlackTeam "Chess Challengers C"]

1. d4 e5 2. dxe5 Bc5 3. Nf3 d6 4. exd6 Ne7 5. Nc3 Nbc6 6. dxe7 Qxe7 7. e4 O-O
8. Be2 f5 9. e5 Nxe5 10. Qd5+ Nf7 11. O-O Be6 12. Qxb7 Ng5 13. Bxg5 Qf7 14. Qc6
Be7 15. Ne5 Qe8 16. Qxe6+ Kh8 17. Qxe7 Qxe7 18. Bxe7 Rfe8 19. Nc6 g5 20. Bc4
Kg7 21. Rfe1 Kg6 22. Bc5 Rxe1+ 23. Rxe1 f4 24. f3 Kh5 25. Re7 g4 26. Re5+ Kh4
27. Be7# 1-0

[Event "Junior Online 4NCL Division 5"]
[Site "online"]
[Date "2021.02.04"]
[Round "2.51"]
[White "Reeves, Hollyann"]
[Black "Mohanraj, Vibu Karthik"]
[Result "1-0"]
[WhiteElo "1581"]
[BlackElo "1420"]
[PlyCount "75"]
[EventDate "2021.02.04"]
[WhiteTeam "Wolfpack Juniors"]
[BlackTeam "Chess Challengers E"]

1. e4 e5 2. Nf3 Nc6 3. Bc4 Be7 4. Nc3 d6 5. d3 h6 6. d4 exd4 7. Nxd4 Nf6 8. Bb5
a6 9. Nxc6 bxc6 10. Bxc6+ Bd7 11. Bxa8 Qxa8 12. O-O O-O 13. Nd5 Nxd5 14. exd5
c6 15. c4 c5 16. a3 Re8 17. Be3 Bf6 18. Ra2 a5 19. Bf4 Be5 20. Bxe5 Rxe5 21.
Re1 Rg5 22. Re7 Bh3 23. g3 Bf5 24. Qf3 Qf8 25. h4 Rg6 26. Ra7 Bg4 27. Qe3 Qd8
28. b4 axb4 29. axb4 cxb4 30. Ra8 Qxa8 31. Rxa8+ Kh7 32. Qe8 Rf6 33. Ra7 b3 34.
Rb7 Bd1 35. Qe4+ g6 36. Rb8 b2 37. Qe8 g5 38. Qg8# 1-0

[Event "Junior Online 4NCL Division 5"]
[Site "online"]
[Date "2021.02.04"]
[Round "2.52"]
[White "Tolani, Kabir"]
[Black "Marsden, Rupert"]
[Result "0-1"]
[WhiteElo "1455"]
[BlackElo "1465"]
[PlyCount "108"]
[EventDate "2021.02.04"]
[WhiteTeam "Chess Challengers E"]
[BlackTeam "Wolfpack Juniors"]

1. e4 e5 2. Nf3 Nc6 3. Bc4 Bc5 4. Nc3 Nf6 5. Ng5 O-O 6. O-O h6 7. Nf3 d6 8. d3
Bg4 9. h3 Bh5 10. a3 Nd4 11. b4 Nxf3+ 12. gxf3 Bd4 13. Nb5 Bxa1 14. c3 a6 15.
Nxc7 Qxc7 16. Bd2 b6 17. Qxa1 b5 18. Bb3 Bxf3 19. c4 Be2 20. Re1 Bxd3 21. cxb5
axb5 22. f4 Bxe4 23. fxe5 dxe5 24. Rc1 Qb6+ 25. Kh2 Rfd8 26. Be1 Rac8 27. Rxc8
Rxc8 28. Qxe5 Qc7 29. Qxc7 Rxc7 30. Bg3 Rc3 31. Bd1 Rxa3 32. Bd6 Ra2+ 33. Kg3
Rd2 34. Be5 Rxd1 35. Bxf6 gxf6 36. Kf4 Bg2 37. Kf5 Bxh3+ 38. Kxf6 Rf1+ 39. Ke7
f5 40. Kf6 f4 41. Kg6 f3 42. Kxh6 f2 43. Kh5 Rh1 44. Kh4 Bc8+ 45. Kg3 Rh3+ 46.
Kxf2 Kf7 47. Kg2 Kf6 48. Kf2 Ke5 49. Ke2 Kf4 50. Kd2 Ke4 51. Ke2 Rh2+ 52. Kf1
Ra2 53. Ke1 Kd3 54. Kd1 Ra1# 0-1